00805nam a2200193 a 450000100100000000500170001000800410002704000250006808200280009311000890012124500240021026000920023430000280032659000280035461000600038291000260044295201260046899900170059400004830120201002061045.0181214s2012 dr a r 000 0 spa d aDO-SdBNPbspacBNPHU a306.097293bR426m, 20122 aRepública DominicanabInstituto Nacional de Aguas Potables y Alcantarillado97571510aMemorias 2004-2012. aSanto Domingo :bInstituto Nacional de Aguas Potables y Alcantarillados (INAPA),c2012. a200 p. :bil. ;c24 cm. aInventariado, 2019 / DG14aREPÚBLICA DOMINICANAxINAPAy2004-2012 MEMORIA975716 aInventariado, 2019/BT 0010718PDaPDbPDcHDd2018-12-14iLF1l0o306.097293 R426m, 2012p48301-10r2020-06-25w2020-06-25yLFPDZNo se presta c47789d47789